ロード中...

Introduction to the biology of marine life

書誌詳細
第一著者: Sumich, James L; Morrissey, John F
フォーマット: Printed Book
出版事項: Mcgraw Hill Book Co., New York 1999
版:7
主題:
LEADER 00596nam a2200193 4500
020
082 |a 578.77 SUM-I7 
100 |a Sumich, James L; Morrissey, John F 
245 |a Introduction to the biology of marine life 
250 |a 7 
260 |a Mcgraw Hill Book Co., New York  |c 1999 
300 |a 484 
490
500
590 |a Priya  |b 2011-04-06 10:20:32 
650 |a Marine biology-- Biological oceanography, Marine Science 
942 |c BK 
999 |c 97568  |d 97568 
952 |0 0  |1 0  |4 0  |6 578_770000000000000_SUMI7  |7 0  |9 111036  |a AQU  |b AQU  |l 0  |o 578.77 SUM-I7  |p AQU04057  |r 2019-09-25  |w 2019-09-25  |y BK